Mineralógia a petrografia

Bibliographic Details
Main Authors: Činčár, Július, 1919-1979 (Author), Pauk, František, 1905-1985 (Author), Bican, Jaroslav, 1919- (Author)
Format: Book
Language:Slovak
PhysicalDescription:373, [1] s. fotogr., ilustr., sch., tab. 8°
Published: Bratislava SPN Ústav pre učiteľské vzdelávanie pri UK 1965 Západoslov. tlač.
Series:Dočasné vysokoškolské učebnice pre pedagogické fakulty
Subjects:

MARC

LEADER 00000cam a2200000 a 4500
001 vtls008339746
003 SK-MaSNL
005 20260301140934.0
008 240314s1965 xo 000 0 slo
015 |a SNBA1965/11-02518 
035 |a SK01SNK19650031963 
035 |a SKM000034426 
040 |a SNK  |b slo  |c SNK  |e AACR2 
041 0 |a slo 
044 |a xo  |c SK 
080 |a 549(075.8)  |2 1981 
080 |a 552(075.8)  |2 1981 
100 1 |a Činčár, Július,  |d 1919-1979  |4 aut  |9 133244 
245 1 0 |a Mineralógia a petrografia  |c autori: Július Činčár, František Pauk, Jaroslav Bican 
260 |a Bratislava  |b SPN  |b Ústav pre učiteľské vzdelávanie pri UK  |c 1965  |e Nitra  |c Západoslov. tlač. 
300 |a 373, [1] s.  |b fotogr., ilustr., sch., tab.  |c 8° 
366 |e 2100 výt. 
490 1 |a Dočasné vysokoškolské učebnice pre pedagogické fakulty 
504 |a Bibliogr. ; diferenčný slovník 
650 0 7 |a mineralógia  |2 SNKPH  |9 943 
650 0 7 |a petrografia  |2 SNKPH  |9 959 
655 7 |a učebnice vysokých škôl  |2 SNKPH  |9 70191 
700 1 |a Pauk, František,  |d 1905-1985  |4 aut  |9 113310 
700 1 |a Bican, Jaroslav,  |d 1919-  |4 aut  |9 42510 
830 0 |a Dočasné vysokoškolské učebnice pre pedagogické fakulty  |9 494267 
919 |a viaz. 
958 |a OND 
958 |a RK 
958 |a TL 
958 |a NB 
958 |a UV 
999 |c 765503  |d 767433 
952 |t P60, <03>, [BOOK], {603}  |a SNK  |b SNK  |y PREZ  |7 0  |o snkSD 28015  |i snkKSP 5684/65  |0 0  |1 0  |4 0  |d 1997-11-06  |l 0  |r 2005-01-02 00:00:00  |w 2026-02-24 
952 |t P60, <04>, [BOOK], {604}  |a SNK  |b SNK  |y VYP  |7 0  |p 17A0194954  |o snkSD 28015 D1  |i snkKSP 5685/65  |0 0  |1 0  |4 0  |d 1997-11-06  |l 0  |r 2005-01-02 00:00:00  |w 2026-02-24